Villes de Ligue 1, Ligue 2 et National sur une carte - Statistiques

Statistiques générales
  • Ce quiz a été pris 154 fois
  • Le résultat moyen est 38 sur 51
Réponses sur la Carte
Les réponses sont colorées sur une échelle allant du rouge au vert en fonction du pourcentage des utilisateurs qui les ont devinées à leur premier essai. Vous pouvez retrouver ces pourcentages ci-dessous.
 
Statistiques - réponses
Villes % Correct
Lyon
98%
Marseille
98%
Lille
97%
Rennes
97%
Brest
96%
Nantes
96%
Paris
96%
Saint-Etienne
95%
Strasbourg
95%
Toulouse
95%
Metz
94%
Nice
94%
Caen
91%
Montpellier
91%
Angers
89%
Dunkerque
89%
Le Havre
88%
Lens
88%
Amiens
86%
Reims
85%
Dijon
83%
Grenoble
83%
Ajaccio
82%
Clermont Ferrand
82%
Monaco
81%
Auxerre
80%
Bastia
80%
Lorient
80%
Rouen
79%
Nîmes
77%
Pau
77%
Guingamp
74%
Nancy
74%
Le Mans
73%
Troyes
72%
Annecy
71%
Orleans
71%
Laval
64%
Rodez
61%
Valenciennes
61%
Versailles
57%
Montbeliard
53%
Martigues
50%
Chateauroux
48%
Bourg-en-Bresse
47%
Concarneau
47%
Boulogne-sur-Mer
43%
Aubagne
26%
Quevilly
25%
Villefranche-sur-Saône
24%
Saint-Ouen-sur-Seine
11%
Aucun quiz correspondant
Distribution des résultats
% des personnes avec chaque résultat
Percentile par nombre de réponses
Votre historique - résultats
Vous n’avez pas pris ce quiz